| 000 | 00540nam a22001811a 4500 | ||
|---|---|---|---|
| 001 | 257 | ||
| 003 | OSt | ||
| 005 | 20260204211646.0 | ||
| 008 | 031124s1998||||dr ||||||b||||||||||spa|| | ||
| 050 | _aRD 551.22 C81p | ||
| 082 | _aRD 551.22 C81p | ||
| 100 | _aCorominas Pepin, Rafael A. | ||
| 245 | _aLecturas: para la gente que espera su terremoto / Rafael A. Corominas Pepín | ||
| 264 | _aSanto Domingo : El Nuevo Diario | ||
| 300 | _a377 p | ||
| 650 | _a1.Terremoto-República Dominicana 2. Sismo-República DominicanaÌ | ||
| 942 |
_2ddc _cBK |
||
| 999 |
_c257 _d257 |
||